<?xml version="1.0" encoding="UTF-8"?>
<collection xmlns="http://www.loc.gov/MARC21/slim">
 <record>
  <leader>03204cam a2200601 c 4500</leader>
  <controlfield tag="001">183700414</controlfield>
  <controlfield tag="003">DE-627</controlfield>
  <controlfield tag="005">20250318115710.0</controlfield>
  <controlfield tag="007">tu</controlfield>
  <controlfield tag="008">950420s1995    gw |||||      00| ||ger c</controlfield>
  <datafield tag="015" ind1=" " ind2=" ">
   <subfield code="a">95,N17,0481</subfield>
   <subfield code="2">dnb</subfield>
  </datafield>
  <datafield tag="015" ind1=" " ind2=" ">
   <subfield code="a">95,A35,1221</subfield>
   <subfield code="2">dnb</subfield>
  </datafield>
  <datafield tag="016" ind1="7" ind2=" ">
   <subfield code="a">943978688</subfield>
   <subfield code="2">DE-101</subfield>
  </datafield>
  <datafield tag="020" ind1=" " ind2=" ">
   <subfield code="a">3361004349</subfield>
   <subfield code="c"> : DM 13.80, sfr 13.80, S 102.00 (brosch.)</subfield>
   <subfield code="9">3-361-00434-9</subfield>
  </datafield>
  <datafield tag="035" ind1=" " ind2=" ">
   <subfield code="a">(DE-627)183700414</subfield>
  </datafield>
  <datafield tag="035" ind1=" " ind2=" ">
   <subfield code="a">(DE-576)048125032</subfield>
  </datafield>
  <datafield tag="035" ind1=" " ind2=" ">
   <subfield code="a">(DE-599)GBV183700414</subfield>
  </datafield>
  <datafield tag="035" ind1=" " ind2=" ">
   <subfield code="a">(OCoLC)75523669</subfield>
  </datafield>
  <datafield tag="035" ind1=" " ind2=" ">
   <subfield code="a">(OCoLC)75523669</subfield>
  </datafield>
  <datafield tag="040" ind1=" " ind2=" ">
   <subfield code="a">DE-627</subfield>
   <subfield code="b">ger</subfield>
   <subfield code="c">DE-627</subfield>
   <subfield code="e">rakwb</subfield>
  </datafield>
  <datafield tag="041" ind1=" " ind2=" ">
   <subfield code="a">ger</subfield>
  </datafield>
  <datafield tag="044" ind1=" " ind2=" ">
   <subfield code="c">XA-DE</subfield>
  </datafield>
  <datafield tag="084" ind1=" " ind2=" ">
   <subfield code="a">45</subfield>
   <subfield code="a">46</subfield>
   <subfield code="2">sdnb</subfield>
  </datafield>
  <datafield tag="084" ind1=" " ind2=" ">
   <subfield code="a">45</subfield>
   <subfield code="a">63</subfield>
   <subfield code="2">sdnb</subfield>
  </datafield>
  <datafield tag="084" ind1=" " ind2=" ">
   <subfield code="a">9,10</subfield>
   <subfield code="2">ssgn</subfield>
  </datafield>
  <datafield tag="084" ind1=" " ind2=" ">
   <subfield code="a">RG 85012</subfield>
   <subfield code="2">rvk</subfield>
   <subfield code="0">(DE-625)rvk/142322:12583</subfield>
  </datafield>
  <datafield tag="084" ind1=" " ind2=" ">
   <subfield code="a">21.71</subfield>
   <subfield code="2">bkl</subfield>
  </datafield>
  <datafield tag="100" ind1="1" ind2=" ">
   <subfield code="a">Frotscher, Sven</subfield>
   <subfield code="d">1961-</subfield>
   <subfield code="0">(DE-588)124876455</subfield>
   <subfield code="0">(DE-627)367427133</subfield>
   <subfield code="0">(DE-576)172114713</subfield>
   <subfield code="4">aut</subfield>
  </datafield>
  <datafield tag="245" ind1="1" ind2="0">
   <subfield code="a">Burg Falkenstein und Schloß Meisdorf</subfield>
   <subfield code="c">Sven Frotscher</subfield>
  </datafield>
  <datafield tag="263" ind1=" " ind2=" ">
   <subfield code="a">kart. : DM 13.80, sfr 13.80, S 102.00</subfield>
  </datafield>
  <datafield tag="264" ind1=" " ind2="1">
   <subfield code="a">Leipzig</subfield>
   <subfield code="b">Ed. Leipzig</subfield>
   <subfield code="c">1995</subfield>
  </datafield>
  <datafield tag="300" ind1=" " ind2=" ">
   <subfield code="a">126 S</subfield>
   <subfield code="b">Ill., graph. Darst</subfield>
   <subfield code="c">20 cm</subfield>
   <subfield code="e">Kt</subfield>
  </datafield>
  <datafield tag="336" ind1=" " ind2=" ">
   <subfield code="a">Text</subfield>
   <subfield code="b">txt</subfield>
   <subfield code="2">rdacontent</subfield>
  </datafield>
  <datafield tag="337" ind1=" " ind2=" ">
   <subfield code="a">ohne Hilfsmittel zu benutzen</subfield>
   <subfield code="b">n</subfield>
   <subfield code="2">rdamedia</subfield>
  </datafield>
  <datafield tag="338" ind1=" " ind2=" ">
   <subfield code="a">Band</subfield>
   <subfield code="b">nc</subfield>
   <subfield code="2">rdacarrier</subfield>
  </datafield>
  <datafield tag="490" ind1="0" ind2=" ">
   <subfield code="a">Museen - Sammlungen - Denkmale</subfield>
  </datafield>
  <datafield tag="583" ind1="1" ind2=" ">
   <subfield code="a">Archivierung prüfen</subfield>
   <subfield code="c">20240511</subfield>
   <subfield code="f">DE-640</subfield>
   <subfield code="z">3</subfield>
   <subfield code="2">pdager</subfield>
  </datafield>
  <datafield tag="583" ind1="1" ind2=" ">
   <subfield code="a">Archivierung/Langzeitarchivierung gewährleistet</subfield>
   <subfield code="f">SSG</subfield>
   <subfield code="x">XA-DE-BW</subfield>
   <subfield code="2">pdager</subfield>
   <subfield code="5">DE-16</subfield>
  </datafield>
  <datafield tag="583" ind1="1" ind2=" ">
   <subfield code="a">Archivierung/Langzeitarchivierung gewährleistet</subfield>
   <subfield code="c">2025</subfield>
   <subfield code="f">REG</subfield>
   <subfield code="x">XA-DE-NI</subfield>
   <subfield code="z">Harz</subfield>
   <subfield code="2">pdager</subfield>
   <subfield code="5">DE-104</subfield>
  </datafield>
  <datafield tag="583" ind1="1" ind2=" ">
   <subfield code="a">Archivierung prüfen</subfield>
   <subfield code="c">20240324</subfield>
   <subfield code="f">DE-4165</subfield>
   <subfield code="z">2</subfield>
   <subfield code="2">pdager</subfield>
  </datafield>
  <datafield tag="689" ind1="0" ind2="0">
   <subfield code="d">g</subfield>
   <subfield code="0">(DE-588)4016355-6</subfield>
   <subfield code="0">(DE-627)104306769</subfield>
   <subfield code="0">(DE-576)208915656</subfield>
   <subfield code="a">Burg Falkenstein</subfield>
   <subfield code="g">Falkenstein/Harz</subfield>
   <subfield code="2">gnd</subfield>
  </datafield>
  <datafield tag="689" ind1="0" ind2="1">
   <subfield code="d">g</subfield>
   <subfield code="0">(DE-588)4382800-0</subfield>
   <subfield code="0">(DE-627)187130779</subfield>
   <subfield code="0">(DE-576)211858250</subfield>
   <subfield code="a">Schloss Meisdorf</subfield>
   <subfield code="2">gnd</subfield>
  </datafield>
  <datafield tag="689" ind1="0" ind2=" ">
   <subfield code="5">(DE-627)</subfield>
  </datafield>
  <datafield tag="770" ind1="0" ind2="8">
   <subfield code="i">Beilage</subfield>
   <subfield code="a">Hanzlik, Bernd</subfield>
   <subfield code="t">Burg Falkenstein und Schloß Meisdorf</subfield>
   <subfield code="d">Leipzig : Edition Leipzig, 1995</subfield>
   <subfield code="h">1 Karte</subfield>
   <subfield code="w">(DE-627)1918888183</subfield>
  </datafield>
  <datafield tag="787" ind1="0" ind2="8">
   <subfield code="i">Rezensiert in</subfield>
   <subfield code="a">Lückerath, Carl August, 1936 - </subfield>
   <subfield code="t">[Rezension von: Sven Frotscher, Burg Falkenstein und Schloß Meisdorf]</subfield>
   <subfield code="d">Braubach : Europäisches Burgeninstitut, 1998</subfield>
   <subfield code="w">(DE-627)1701105950</subfield>
  </datafield>
  <datafield tag="935" ind1=" " ind2=" ">
   <subfield code="i">Blocktest</subfield>
  </datafield>
  <datafield tag="936" ind1="r" ind2="v">
   <subfield code="a">RG 85012</subfield>
   <subfield code="b">Allgemeine Reiseführer (in geschlossenen größeren Reihen sowie solche mit mehreren Fachrichtungen; z.B. historisch-kunsthistorische Führer, geologisch-botanische Wanderführer u.ä.)</subfield>
   <subfield code="k">Geografie</subfield>
   <subfield code="k">Regionale Geografie</subfield>
   <subfield code="k">Europa</subfield>
   <subfield code="k">Mitteleuropa</subfield>
   <subfield code="k">Deutschland</subfield>
   <subfield code="k">Deutschland (Östliche Länder)</subfield>
   <subfield code="k">Sachsen-Anhalt</subfield>
   <subfield code="k">Magdeburger Börde, Leipziger Tieflandsbucht und Lausitzer Niederung</subfield>
   <subfield code="k">Unterlagen für die gesamte Geografie</subfield>
   <subfield code="k">Bibliografien und Nachschlagewerke</subfield>
   <subfield code="k">Allgemeine Reiseführer (in geschlossenen größeren Reihen sowie solche mit mehreren Fachrichtungen; z.B. historisch-kunsthistorische Führer, geologisch-botanische Wanderführer u.ä.)</subfield>
   <subfield code="0">(DE-627)1270769618</subfield>
   <subfield code="0">(DE-625)rvk/142322:12583</subfield>
   <subfield code="0">(DE-576)200769618</subfield>
  </datafield>
  <datafield tag="936" ind1="b" ind2="k">
   <subfield code="a">21.71</subfield>
   <subfield code="j">Geschichte öffentlicher Bauten</subfield>
   <subfield code="0">(DE-627)106421263</subfield>
  </datafield>
  <datafield tag="951" ind1=" " ind2=" ">
   <subfield code="a">BO</subfield>
  </datafield>
  <datafield tag="990" ind1=" " ind2=" ">
   <subfield code="a">Burg Falkenstein</subfield>
  </datafield>
  <datafield tag="990" ind1=" " ind2=" ">
   <subfield code="a">Schloss Meisdorf</subfield>
  </datafield>
  <datafield tag="991" ind1=" " ind2=" ">
   <subfield code="a">Rezensiertes Werk</subfield>
  </datafield>
  <datafield tag="999" ind1=" " ind2=" ">
   <subfield code="a">KXP-PPN183700414</subfield>
   <subfield code="e">4185195710</subfield>
  </datafield>
 </record>
</collection>
